000 00799nas a2200253 4500
001 BR8903688
003 BR-BrBNA
005 20231205091632.0
007 ta
008 230509b bl.|||p| |||| 00| 00por d
040 _aBR-BrBNA
_bpor
_cBiblioteca Nacional de Agricultura
041 _a(Pt)
072 _aQ53
100 1 _aMachado, N.A.N.
100 1 _aZapata, J.F.F.
100 1 _aVasconcelos, M.E.L.
245 1 _aPesquisa de bacterias do genero Salmonella em ingredientes e racoes utilizadas na alimentacao das aves
650 _aSALMONELOSE
650 _aBACTERIA PATOGENICA
650 _aCONTAMINACAO BACTERIANA
773 0 _tCiencia Agronomica (Brazil)
_xISSN 0045-6888
_g(1987), v. 18(1) p. 111-115
_wBR8903688
909 _a202311
_bLúcia
_c55
_dLúcia Elande
942 _2AGRIS
_n0
_cANA
999 _c126337
_d126337